| 000 | 00739nam a2200229 a 4500 | ||
|---|---|---|---|
| 001 | BRCA_1769 | ||
| 005 | 20190320203536.0 | ||
| 008 | 991130s1998 mx-a---###---#000-0#spa-# | ||
| 020 | _a9686724060 | ||
| 040 |
_aDLC _cDLC _dDLC |
||
| 050 | 4 |
_aBX1428.2 _b.C58 1998 |
|
| 100 | 1 |
_aCortina Portilla, Manuel _9755 |
|
| 245 | 1 | 0 |
_aUn paseo en litografías por el México del siglo XIX _cManuel Cortina Portilla. |
| 260 |
_aMéxico _b[Offset] _c1998 |
||
| 300 |
_a84 p. _bil. _c36 cm. |
||
| 500 | _aColección Sonia Corcuera de Mancera | ||
| 610 | 2 | 4 |
_aIglesia católica _xHistoria _zMéxico _9629 |
| 650 | 1 | 4 |
_aEdificios de Iglesias Católicas _zMéxico _95505 |
| 651 | 4 |
_aMéxico _xHistoria de la Iglesia _95506 |
|
| 902 | _aDSC | ||
| 942 |
_2lcc _cB |
||
| 999 |
_c1551 _d1551 |
||